Cadbury Heroes - Statistics

General Stats
  • This quiz has been taken 12 times
  • The average score is 7 of 16
Answer Stats
Year Answer % Correct
1997 - present Twirl
82%
2009 - present Creme Egg Twisted
73%
1997 - present Dairy Milk Caramel
73%
1997 - present Dairy Milk
64%
2019 - present Dinkie Decker / Double Decker
64%
1997 - present Fudge
64%
2015 - present Wispa
64%
1997 - 2008; 2019 - present Crunchie
55%
1997 - present Eclair
55%
2008 - 2013 Bournville
27%
1997 - 2007 Picnic
18%
2002 - 2008 Dairy Milk Whole Nut
9%
1997 - 2004 Fuse
9%
1997 - 2007 Time Out
9%
2013 - 2015 Toblerone
9%
2002 - 2008 Dream
0%
No matching quizzes found
Score Distribution
Percent of People with Each Score
Percentile by Number Answered
Your Score History
You have not taken this quiz